|
|
|
|
| LEADER |
00000nam0a2200000 4500 |
| 001 |
267937 |
| 005 |
20231101234125.0 |
| 035 |
|
|
|a (RuTPU)RU\TPU\book\291050
|
| 090 |
|
|
|a 267937
|
| 100 |
|
|
|a 20140822d1955 k y0rusy50 ca
|
| 101 |
0 |
|
|a rus
|
| 102 |
|
|
|a RU
|
| 105 |
|
|
|a a z 001zy
|
| 200 |
1 |
|
|a Аэродинамика проточной части паровых турбин
|e [сборник]
|f Бежицкий институт транспортного машиностроения ; под ред. И. И. Кириллова
|
| 210 |
|
|
|a Москва
|c Машгиз
|d 1955
|
| 215 |
|
|
|a 71 с.
|c ил.
|
| 225 |
1 |
|
|a Труды Бежицкого института транспортного машиностроения
|v Вып. 15
|
| 225 |
1 |
|
|a Турбостроение
|v Кн. 1
|
| 320 |
|
|
|a Библиогр. в конце статей
|
| 606 |
1 |
|
|a Паровые турбины
|x Проточная часть
|x Аэродинамика
|2 stltpush
|3 (RuTPU)RU\TPU\subj\48264
|9 67141
|
| 610 |
1 |
|
|a экономичность
|
| 610 |
1 |
|
|a усовершенствование
|
| 610 |
1 |
|
|a экспериментальные исследования
|
| 610 |
1 |
|
|a ступени
|
| 610 |
1 |
|
|a модели
|
| 610 |
1 |
|
|a лопатки
|
| 610 |
1 |
|
|a проектирование
|
| 675 |
|
|
|a 621.165.013
|v 3
|
| 702 |
|
1 |
|a Кириллов
|b И. И.
|4 340
|
| 712 |
0 |
2 |
|a Бежицкий институт транспортного машиностроения
|2 stltpush
|3 (RuTPU)RU\TPU\col\19811
|
| 801 |
|
1 |
|a RU
|b 63413507
|c 20140822
|
| 801 |
|
2 |
|a RU
|b 63413507
|c 20150814
|g RCR
|
| 942 |
|
|
|c BK
|